000 00792nas a2200253 4500
001 BR9800436
003 BR-BrBNA
005 20231205100715.0
007 ta
008 230509b bl.|||p| |||| 00| 00por d
040 _aBR-BrBNA
_bpor
_cBiblioteca Nacional de Agricultura
041 _a(Pt)
072 _aL73
100 1 _aMedeiros, S.M. de
100 1 _aFlausino, W.
100 1 _aLopes, C.W.G.
245 1 _aIntensidade de infeccao em macrofagos de camundongos albinos com zoitas de Toxoplasma gondii
650 _aCamundongo
650 _aToxoplasmose
650 _aInfeccao
773 0 _tRevista Brasileira de Medicina Veterinaria (Brazil)
_xISSN 0100-2430
_g(Jul-Aug 1997), v. 19(4) p. 173-175
_wBR9800436
909 _a202311
_bLúcia
_c55
_dLúcia Elande
942 _2AGRIS
_n0
_cANA
999 _c157582
_d157582